000 02438cam a2200337 4500500
005 20251228083223.0
041 _afre
042 _adc
100 1 0 _aDandrey, Patrick
_eauthor
245 0 0 _aOrgon l’enthousiaste. Une critique du fanatisme ?
260 _c2017.
500 _a48
520 _aOn propose d’interpréter la critique du fanatisme lisible en filigrane de la dévotion aveugle d’Orgon dans Tartuffe à la lumière des théories anglaises contemporaines sur la maladie ou la passion d’enthusiasm frappant les prophètes « inspirés » des sectes surgies ou réfugiées en terre britannique dans la 2e moitié du xvIIe siècle. Et d’éclairer les répréhensions de Cléante envers la fureur dévote d’Orgon à la lumière de la doctrine de la tolérance élaborée en réponse à ces épidémies d’enthousiasme. On tâche de tirer du parallèle avec ces thèses, portées notamment par Locke et Shaftesbury, des clartés sur l’anatomie du fanatisme et son éradication par le rire tels que la comédie de Molière les pratique.
520 _aOrgon the Enthusiast: A Critique of Fanaticism? We suggest interpreting the faintly visible critique of the fanaticism of Orgon’s blind devotion in Tartuffe in light of contemporary English theories about the illness or enthusiastic passion that struck the “inspired” prophets of sects that emerged or sought refuge on British soil in the second half of the seventeenth century. Our analysis also sheds light on Cléante’s condemnation of Orgon’s sanctimonious fury in light of the doctrine of tolerance developed in response to these epidemics of enthusiasm. We try to draw a parallel with these theses, particularly those detailed by Locke and Shaftesbury, which elucidate the way that Molière’s comedy presents the anatomy of fanaticism and its eradication through laughter.
690 _aenthousiasme
690 _afanatisme
690 _aLocke
690 _aMolière
690 _aShaftesbury
690 _aTartuffe
690 _atolérance
690 _aenthusiasm
690 _afanaticism
690 _aLocke
690 _aMolière
690 _aShaftesbury
690 _aTartuffe
690 _atolerance
786 0 _nDix-septième siècle | 275 | 2 | 2017-04-28 | p. 323-332 | 0012-4273
856 4 1 _uhttps://shs.cairn.info/revue-dix-septieme-siecle-2017-2-page-323?lang=fr&redirect-ssocas=7080
999 _c1600810
_d1600809